[Event "Madrid-ch Previa-B"]
[Site "Madrid"]
[Date "2020.02.28"]
[Round "8"]
[White "Rodriguez Avila, Alvaro"]
[Black "Martin Garcia, Luis I"]
[Result "1-0"]
[WhiteElo "1807"]
[BlackElo "1817"]
[PlyCount "91"]
[EventDate "2020.02.06"]
[EventType "swiss"]
[EventRounds "9"]
[EventCountry "ESP"]
[SourceTitle "CBM 195 Extra"]
[Source "ChessBase"]
[SourceDate "2020.05.31"]
[SourceVersion "1"]
[SourceVersionDate "2020.05.31"]
[SourceQuality "1"]

1. e4 e6 2. d4 d5 3. Nc3 Bb4 4. e5 c5 5. Bd2 Nc6 6. Nb5 Bxd2+ 7. Qxd2 cxd4 8. f4 f6 9. Nf3 a6 10. Nbxd4 fxe5 11. fxe5 Qc7 12. Nxc6 bxc6 13. Bd3 Nh6 14. 0-0 Nf7 15. Qf4 c5 16. c4 Bb7 17. cxd5 Bxd5 18. Qg3 Bxf3 19. Qxf3 0-0 20. Qh5 Nh6 21. Bc4 Qe7 22. Qh3 Rfe8 23. Rf4 Kh8 24. Raf1 Qg5 25. Qe3 Qe7 26. Bd3 a5 27. Qe4 g6 28. b3 Rf8 29. Rxf8+ Rxf8 30. Rxf8+ Qxf8 31. Bc4 Qd8 32. Qd3 Qxd3 33. Bxd3 Kg7 34. h3 Nf7 35. Bc4 Nxe5 36. Bxe6 Kf6 37. Bg8 h6 38. Kf2 Nc6 39. Ke3 Ke5 40. Kd3 Nb4+ 41. Kc4 Nxa2 42. Kxc5 Nc1 43. Kb5 Kf4 44. Kxa5 Kg3 45. b4 Kxg2 46. Bc4 1-0